Wszystkie gminy w Polsce na literę D - Statystyki

Ogólne statystyki
  • Ten quiz został rozwiązany 26 razy
  • Średni wynik to 42 z 101
Statystyki odpowiedzi
województwo gmina % Poprawnych
kujawsko-pomorskie | opolskie Dąbrowa
100%
śląskie Dąbrowa Górnicza
94%
zachodniopomorskie Darłowo
94%
lubuskie | wielkopolskie Dąbie
81%
dolnośląskie Dzierżoniów
81%
zachodniopomorskie Dziwnów
81%
podkarpackie Dębica
75%
małopolskie | wielkopolskie | zachodniopomorskie Dobra
75%
małopolskie Dąbrowa Tarnowska
69%
małopolskie | zachodniopomorskie Dębno
69%
lubuskie Drezdenko
69%
warmińsko-mazurskie Działdowo
69%
łódzkie Działoszyn
69%
podlaskie Dąbrowa Białostocka
63%
kujawsko-pomorskie | mazowieckie Dobre
63%
wielkopolskie Drawsko
63%
zachodniopomorskie Drawsko Pomorskie
63%
wielkopolskie Duszniki
63%
podkarpackie Dynów
63%
świętokrzyskie Daleszyce
56%
pomorskie Debrzno
56%
dolnośląskie Długołęka
56%
kujawsko-pomorskie Dobrzyń nad Wisłą
56%
podkarpackie Dukla
56%
dolnośląskie Duszniki-Zdrój
56%
mazowieckie Dąbrówka
50%
lubelskie Dęblin
50%
podkarpackie Dubiecko
50%
lubelskie Dubienka
50%
świętokrzyskie Działoszyce
50%
lubelskie Dębowa Kłoda
44%
lubuskie Dobiegniew
44%
opolskie Dobrodzień
44%
wielkopolskie Dobrzyca
44%
wielkopolskie Dolsk
44%
łódzkie Drzewica
44%
pomorskie Dzierzgoń
44%
łódzkie Dąbrowice
38%
zachodniopomorskie Dobra (Szczecińska)
38%
dolnośląskie Dobroszyce
38%
zachodniopomorskie Dobrzany
38%
wielkopolskie Dopiewo
38%
zachodniopomorskie Drawno
38%
lubelskie Dzwola
38%
kujawsko-pomorskie Dąbrowa Biskupia
31%
śląskie Dąbrowa Zielona
31%
warmińsko-mazurskie Dąbrówno
31%
pomorskie Damnica
31%
łódzkie Daszyna
31%
mazowieckie Dębe Wielkie
31%
pomorskie Dębnica Kaszubska
31%
podkarpackie | śląskie Dębowiec
31%
lubuskie Deszczno
31%
łódzkie Dłutów
31%
małopolskie Dobczyce
31%
dolnośląskie Dobromierz
31%
opolskie Dobrzeń Wielki
31%
mazowieckie Domanice
31%
lubelskie Dorohusk
31%
mazowieckie Drobin
31%
kujawsko-pomorskie Drzycim
31%
zachodniopomorskie Dygowo
31%
podlaskie Dziadkowice
31%
dolnośląskie Dziadowa Kłoda
31%
kujawsko-pomorskie Dąbrowa Chełmińska
25%
łódzkie Dalików
25%
wielkopolskie Damasławek
25%
kujawsko-pomorskie Dobrcz
25%
lubelskie Dołhobyczów
25%
dolnośląskie Domaniów
25%
podkarpackie Domaradz
25%
lubelskie Drelów
25%
podlaskie Drohiczyn
25%
podkarpackie Dydnia
25%
warmińsko-mazurskie Dywity
25%
pomorskie Dziemiany
25%
łódzkie Dobroń
19%
podlaskie Dobrzyniewo Duże
19%
opolskie Domaszowice
19%
łódzkie Drużbice
19%
warmińsko-mazurskie Dubeninki
19%
świętokrzyskie Dwikozy
19%
kujawsko-pomorskie Dębowa Łąka
13%
wielkopolskie Doruchów
13%
kujawsko-pomorskie Dragacz
13%
podlaskie Dubicze Cerkiewne
13%
lubelskie Dzierzkowice
13%
warmińsko-mazurskie Dźwierzuty
13%
łódzkie Dobryszyce
6%
małopolskie Drwinia
6%
mazowieckie Dzierzążnia
6%
mazowieckie Dzierzgowo
6%
łódzkie Dmosin
0%
Nie znaleziono quizów pasujących do podanych kryteriów
Rozkład punktacji
Procent ludzi z każdym wynikiem
Percentyl według liczby udzielonych odpowiedzi
Twoja historia wyników
Nie rozwiązałeś tego quizu